Представление документа в формате RUSMARC

ПолеНазваниеЗначение
  Тип записи a
  Библиографический уровень m
001 Контрольный номер RU/SLIB/B/208743932
005 Дата корректировки 20201206204106.0
010 Индекс ISBN __
a ISBN 5-222-00466-x
d Цена 41-50
101 Язык документа __
a Язык текста rus
c Язык оригинала rus
200 Заглавие и сведения об ответственности 0_
a Заглавие Введение в психологию Юнга
f Первые сведения об ответственности Р. Робертсон
b Общее обозначение материала Текст
210 Выходные данные __
a Место издания Ростов н/Д
c Издательство Феникс
d Дата издания 1999
215 Физическое описание __
a Объем 320 с.
225 Серия __
a Серия Психологические этюды
330 Аннотация __
a Аннотация Автор предлагает доступный и приятный способ изучения психологических открытий великого психоаналитика и философа К. Юнга.
600 Персоналии __
a Персоналии (Фамилия) Юнг, К. Г.
f Даты 1875—1961
g Полное имя Карл Густав
606 Тематические рубрики __
a Основная рубрика Психология
606 Тематические рубрики __
a Основная рубрика История психологии
610 Ключевые слова __
a Ключевые слова личность; душа; сон; тень; психологические типы; сновидения; самоактуализация; творчество
686 Индексы других классификаций __
a Классификационный индекс 88.1
700 Автор _1
a Фамилия Робертсон
b Имя Р.
4 Код отношения 070
801 Источник записи _0
a Страна RU
b Организация Муниципальное бюджетное учреждение культуры "Централизованная библиотечная система" г. Сургут (Центральная городская библиотека им. А. С. Пушкина)
g Правила каталогизации КиК/Нещерет
801 Источник записи _1
a Страна RU
b Организация Муниципальное бюджетное учреждение культуры "Централизованная библиотечная система" г. Сургут (Центральная городская библиотека им. А. С. Пушкина)
g Правила каталогизации КиК/Нещерет
852 Данные о местонахождении __
j Шифр хранения 88.1
c Каталожный индекс 88.1
i Авторский знак Р 58
p Инвентарный номер 03070868
901 Тип документа __
t Тип документа m
903 Характеристики (МАРС) __
a Дата передачи 20030808
990 Данные о заказе (DOS) __
j Количество экземпляров (DOS) 1
t N записи в КСУ для И/У (DOS) 200307